Magneto-fluid and plasma dynamics.

Guardado en:
Autores Corporativos: Symposium in Applied Mathematics New York), American Mathematical Society.
Formato: Libro
Idioma:English
Publicado: Providence : American Mathematical Society, 1967.
Series:Proceedings of symposia in applied mathematics ; v. 18
Materias:
Etiquetas: Agregar Etiqueta
Sin Etiquetas, Sea el primero en etiquetar este registro!
LEADER 00929cam a22002531a 4500
001 MAT.inmabb005418
008 741216s1967####riua#####b####100#0#eng##
005 20171010173241.0
245 1 0 |a Magneto-fluid and plasma dynamics. 
260 |a Providence :  |b American Mathematical Society,  |c 1967. 
300 |a vii, 293 p. :  |b il. ;  |c 26 cm. 
490 1 |a Proceedings of symposia in applied mathematics ;  |v v. 18 
500 |a Sponsored by the American Mathematical Society. 
504 |a Incluye referencias bibliográficas. 
510 4 |a MR,  |c 35 #2543 
111 2 |a Symposium in Applied Mathematics  |n (18th :  |d 1965 :  |c New York) 
710 2 |a American Mathematical Society. 
811 |a Symposia in Applied Mathematics.  |t Proceedings,  |v v. 18. 
650 0 |a Magnetohydrodynamics. 
650 0 |a Plasma (Ionized gases) 
084 |a 76.00  |2 MR 
010 |a  66020436  
040 |a DLC  |c MBNU  |d OCoLC  |d DLC 
859 |k H  |p PSAM-18  |b BIB. MATEMATICA